Normal view
MARC view
- Statics -Dynamics
Entry Topical Term
001 - CONTROL NUMBER
- control field: 5874
003 - CONTROL NUMBER IDENTIFIER
- control field: JO-AjAnu
005 - DATE AND TIME OF LATEST TRANSACTION
- control field: 20230606071244.0
008 - FIXED-LENGTH DATA ELEMENTS
- fixed length control field: 230606|| aca||aabn | a|a d
040 ## - CATALOGING SOURCE
- Original cataloging agency: JO-AjAnu
- Transcribing agency: JO-AjAnu
150 ## - HEADING--TOPICAL TERM
- Topical term or geographic name entry element: Statics -Dynamics
670 ## - SOURCE DATA FOUND
- Source citation: Work cat.: (JO-AjAnu)3044: Loney.S.L , author 5873, The elements of Statics and Dynamics, part.1